00503nam a2200133Ia 4500008004100000041000800041100002500049245009100074260003700165300000800202700003900210999001900249952010100268250110s9999 xx 000 0 und d aeng aShukla Anika9182646 aAagaz Residential Educational And Work Centre For Women And Orphans At Valjiri Village bFinal Year B.Arch ID, Punec2014 a75p aGuide Name:Murugkar Kavita9210321 c363513d363513 00104070aBNCAbBNCAd2014-06-12l0pBNCA-PR-1013r2025-01-10 00:00:00w2025-01-10yPRzPR1013